Temas en psicología clínica (Registro nro. 301804)

Detalles MARC
000 -ENCABEZADO
Número de control [NR] 01246nam a22003377a 4500
005 - FECHA Y HORA DE LA ÚLTIMA TRANSACCIÓN
control field 20180601164027.0
008 - DE LONGITUD FIJA DE DATOS DE ELEMENTOS - INFORMACIÓN GENERAL
Elementos de longitud fija [NR] 151026s2006 ck a fr 000 0 spa d
020 ## - NUMERO INTERNACIONAL NORMALIZADO PARA LIBROS [R]
Número Internacional Normalizado del libro [NR] 9789588252285
020 ## - NUMERO INTERNACIONAL NORMALIZADO PARA LIBROS [R]
Número Internacional Normalizado del libro [NR] 9588252288
035 ## - NUMERO DE CONTROL DEL SISTEMA [R]
Número de control del sistema [NR] (OCoLC)822575780
040 ## - FUENTE DE CATALOGACION [NR]
Agencia de catalogación original [NR] CO-BoUCM
Idioma de catalogación [NR] eng
Quien Cataloga Sandra Palacio
Quien Clasifica Sandra Palacio
041 0# - CODIGO DE IDIOMA [R]
Código de idioma para texto/pista de sonido o título separado [R] Español
060 00 - SIGNATURA TOPOGRAFICA DE LA BIBLIOTECA NACIONAL DE MEDICINA (NLM) [R]
Número clasificador [R] WM 105
245 00 - MENCION DE TITULO [NR]
Título [NR] Temas en psicología clínica
Mención de responsabilidad, etc. [NR] Ana Rita Russo de Sánchez [y otros autores]
260 ## - PUBLICACION, DISTRIBUCION, ETC. (PIE DE IMPRENTA) [R]
Lugar de publicación, distribución, etc. [R] Barranquilla (Colombia)
Nombre del editor, distribuidor, etc. [R] Uninorte
Fecha de publicación, distribución, etc. [R] 2006
300 ## - DESCRIPCION FISICA [R]
Extensión [R] xiii, 181 páginas
Otros detalles físicos [NR] ilustraciones
504 ## - NOTA DE BIBLIOGRAFIA, ETC. [R]
Nota de bibliografía, etc. [NR] Incluye referencias bibliográficas
650 #7 - ASIENTO SECUNDARIO DE MATERIA - TERMINO TEMATICO [R]
Término temático o nombre geográfico como elemento de entrada [NR] Psicodiagnóstico
9 (RLIN) 22791
650 #7 - ASIENTO SECUNDARIO DE MATERIA - TERMINO TEMATICO [R]
Término temático o nombre geográfico como elemento de entrada [NR] Pruebas psicológicas
9 (RLIN) 22773
Subdivisión general [R] Padres
650 #7 - ASIENTO SECUNDARIO DE MATERIA - TERMINO TEMATICO [R]
Término temático o nombre geográfico como elemento de entrada [NR] Pruebas psicológicas
9 (RLIN) 22773
Subdivisión general [R] Parejas
650 #7 - ASIENTO SECUNDARIO DE MATERIA - TERMINO TEMATICO [R]
Término temático o nombre geográfico como elemento de entrada [NR] Pruebas psicológicas para niños
9 (RLIN) 22774
650 #7 - ASIENTO SECUNDARIO DE MATERIA - TERMINO TEMATICO [R]
Término temático o nombre geográfico como elemento de entrada [NR] Dolor
9 (RLIN) 13529
Subdivisión general [R] Aspectos psicológicos
690 ## - ASUNTO AGREGADO LOCAL DE ENTRADA - TÉRMINO TEMÁTICO (OCLC, RLIN)
9 (RLIN) 42903
Acceso temático local Psiquiatría
700 1# - ASIENTO SECUNDARIO - NOMBRE PERSONAL [R]
Nombre personal [NR] Russo de Sánchez, Ana Rita
9 (RLIN) 72817
700 1# - ASIENTO SECUNDARIO - NOMBRE PERSONAL [R]
Nombre personal [NR] Barón Buitrago, Olga Patricia
9 (RLIN) 72818
700 1# - ASIENTO SECUNDARIO - NOMBRE PERSONAL [R]
Nombre personal [NR] Mendoza Raad, Astrid
9 (RLIN) 72819
700 1# - ASIENTO SECUNDARIO - NOMBRE PERSONAL [R]
Nombre personal [NR] Ferrer Botero, Alberto
9 (RLIN) 72820
700 1# - ASIENTO SECUNDARIO - NOMBRE PERSONAL [R]
Nombre personal [NR] Vanegas Osorio, Jorge Humberto
9 (RLIN) 72821
700 1# - ASIENTO SECUNDARIO - NOMBRE PERSONAL [R]
Nombre personal [NR] Ventura de Chapaval, Mónica
9 (RLIN) 72822
942 ## - ELEMENTOS DE ENTRADA AGREGADOS (KOHA)
Sistema de clasificación NLM
Tema principal Medicina
Tipo de ítem principal el descrito en 300a Libro
Edición 1
Clasificación WM 105
Parte restante de la signatura top. T278te
Título oculto en OPAC No
Existencias
Fecha de último préstamo Total préstamos Signatura topográfica Código de barras Última vez visto Ejemplar Costo de reposición Price effective from Tipo de ítem Nota pública (OPAC) Perdido Sistema de clasificación Dañado No prestable Tipo de ítem específico Suprimido Ubicación habitual Ubicación actual Localización Fecha de creación Proveedor Forma de adquisición Costo
20/02/2016 2 WM 105 T278te 200028741 12/12/2025 Ej.1 29600.00 14/10/2015 Libro Spot Psicología & Psiquiatría   NLM     Libro   Quinta de Mutis Quinta de Mutis 3er piso 14/10/2015 25 Compra 29600.00